000 00938nas a2200289 454500
001 40328
005 20260407193510.0
008 260407s1995####ag###########|||spa#d
003 AR-UNSa-BCEJYS
040 _aAR-UNSa-BCEJYS
_bspa
_cAR-UNSa-BCEJYS
080 _a342
_xDerecho constitucional (Derecho Público)
245 1 0 _aActualidad en el derecho público
264 1 _c1995
310 _aFrecuencia: Cuatrimestral Cambia de Director a partir del Año 7, Nº 17 por Guillermo Andrés Muñoz
041 _aspa
942 _cSER
590 _aniveau_biblio:s niveau_hierar:1
100 1 _aSalomoni, Jorge Luis
700 1 _aCaiella, Pascual
700 1 _aSalinas, Marcelo
650 _aDerecho público
650 _aDerecho constitucional
650 _aMedio ambiente
650 _aJURISPRUDENCIA
650 _aDOCTRINA
856 4 1 _uhttps://biblioeco.unsa.edu.ar/pmb/images/revistas/AeDP4.jpg
_yImagen de portada
_qimage/jpeg
999 _c8869
_d8869